| 000 | 01636naa a2200265 a 4500 | ||
|---|---|---|---|
| 003 | OSt | ||
| 005 | 20200803115641.0 | ||
| 008 | 160914s2016 ck ad gr 000 0 spa d | ||
| 020 | _a9789587496376 | ||
| 040 |
_aCO-BoUCM _cCO-JMCR |
||
| 041 | 0 | _aspa | |
| 082 | 0 | 4 |
_a340.115 / _bN718r _223 |
| 100 | 1 |
_aNiño Benavides, María Victoria, _eautora _980140 |
|
| 245 | 1 | 0 |
_aRetos de la articulación institucional para la reparación de víctimas _b¿es la restitución de tierras un incentivo para el retorno en la región de Urabá? _cMaría Victoria Niño Benavides |
| 260 |
_aBogotá (Colombia) : _bGrupo Editorial Ibañez : _bClub de Abogados, _c2016. |
||
| 300 |
_a105 páginas : _bilustraciones, gráficas a blanco y negro ; _c23 cm. |
||
| 504 | 0 | _aBibliografía: páginas 93-101. | |
| 505 | _aPreguntas de investigación -- Objetivo general -- Objetivos específicos -- Antecedentes y desarrollo del marco constitucional y legal para el diseño institucional -- Diseño institucional para la atención y reparación a víctimas -- Estudio de caso: región del Urabá Antioqueño | ||
| 520 | 0 | _aCon el propósito de hacer un acompañamiento efectivo a las víctimas del conflicto armado colombiano en el camino a la reparación integral que establece la Ley 14458 de 2011, el Estado Colombiano a creado distintos mecanismos, entre ellos: la restitución de tierras y el retorno efectivo. | |
| 650 | 0 | 4 |
_aTenencia de la tierra _xLegislación _980141 |
| 650 | 0 | 4 |
_aReparación (Justicia penal) _zColombia _980142 |
| 650 | 0 | 4 |
_aVíctimas de terrorismo _zColombia _980143 |
| 690 | 0 |
_aDerecho constitucional _912725 |
|
| 942 |
_cBK _2ddc |
||
| 999 |
_c6774 _d6774 |
||